000 01118nas a2200349 4500
001 BR2011003542
003 BR-BrBNA
005 20231205115357.0
007 ta
008 230509b bl.|||p| |||| 00| 00por d
040 _aBR-BrBNA
_bpor
_cBiblioteca Nacional de Agricultura
041 _a(En)
072 _aF30; H50
100 1 _aCantão, F.R. de O.
100 1 _aDurães, F.O.M.
100 1 _aOliveira, A.C. de
100 1 _aSoares, A.M.
100 1 _aMagalhães, P.C.
245 1 _aMorphological Attributes of root system of maize genotypes contrasting in drought tolerance due to phosphorus stress
650 _aMILHO
650 _aZEA MAYS
650 _aSISTEMA RADICULAR
650 _aGENÓTIPO
650 _aRESISTÊNCIA
650 _aSECA
650 _aFÓSFORO
650 _aSTRESS
773 0 _tRevista Brasileira de Milho e Sorgo (Brazil)
_xISSN 1676-689X
_g(May-Aug 2008), v. 7(2) p. 113-127
_wBR2011003542
856 4 _urbms.cnpms.embrapa.br/index.php/ojs/article/download/259/268
_yRecurso eletrônico (PDF)
909 _a202311
_bLúcia
_c55
_dLúcia Elande
942 _2AGRIS
_n0
_cANA
999 _c213487
_d213487